|
|
|
|
| LEADER |
01152nam a2200337Ia 4500 |
| 001 |
EBC798417 |
| 003 |
MiAaPQ |
| 005 |
20200520144314.0 |
| 006 |
m o d | |
| 007 |
cr cn||||||||| |
| 008 |
091123s2008 enka s 000 0 eng d |
| 020 |
|
|
|z 9781905736454 (pbk.)
|
| 020 |
|
|
|z 1905736452 (pbk.)
|
| 035 |
|
|
|a (MiAaPQ)EBC798417
|
| 035 |
|
|
|a (Au-PeEL)EBL798417
|
| 035 |
|
|
|a (CaPaEBR)ebr10424351
|
| 035 |
|
|
|a (OCoLC)806202860
|
| 040 |
|
|
|a MiAaPQ
|c MiAaPQ
|d MiAaPQ
|
| 050 |
|
4 |
|a HF5438.25
|b .E84 2008
|
| 082 |
0 |
4 |
|a 658.85
|2 22
|
| 100 |
1 |
|
|a Etherington, Bob.
|
| 245 |
1 |
0 |
|a Selling skills for complete amateurs
|h [electronic resource] /
|c Bob Etherington.
|
| 260 |
|
|
|a London :
|b Marshall Cavendish Business,
|c 2008.
|
| 300 |
|
|
|a 172 p. :
|b ill.
|
| 500 |
|
|
|a Paperback.
|
| 533 |
|
|
|a Electronic reproduction. Ann Arbor, MI : ProQuest, 2015. Available via World Wide Web. Access may be limited to ProQuest affiliated libraries.
|
| 650 |
|
0 |
|a Selling.
|
| 650 |
|
0 |
|a Business.
|
| 655 |
|
4 |
|a Electronic books.
|
| 710 |
2 |
|
|a ProQuest (Firm)
|
| 856 |
4 |
0 |
|u https://ebookcentral.proquest.com/lib/matrademy/detail.action?docID=798417
|z Click to View
|